000 00430nam a22001817a 4500
003 MPLRDC
005 20220104145257.0
008 210129b ||||| |||| 00| 0 eng d
020 _a983-147-036-2
082 _a859.61 XZ c.2
100 _a兴智编译
245 _a儿童IQ趣题测验
_c
250 _a再版
260 _a
_b东阳出版社
_c1995
300 _b
650 _a儿童智慧
942 _cBK
_o859.61 XZ c.2
999 _c51224
_d51214